00443nam a2200145Ia 4500003000900000008004100009040003300050041000800083080001500091100002200106245009700128260003900225300001600264650001700280LK-CoDNM010623t1996 xxu||||| |||| 00| 1 eng d aLK-CoDNMdLK-CoDNMeLK-CoDNM aeng a347.231.14 aJayawardena,Hemal aLaw Society Trust Health And Human Rights Series : Aids And The Right To Health And Welfare bLaw Society Trust aColomboc1996 bp.12, 21 cm aHuman Rights